00780nam a22002057a 450000500170000001000150001702000260003203500140005803700090007208200110008124500350009225000060012726000680013327000990020130000190030050000450031994200250036499900190038995201660040820260427124444.0 aENG-147853 a9789371362481c450.00 aEN-131385 bDBAD 21a530 aNEET 2023 Crash Course Physics a1 aUttar PradeshbPearson India Education Services Pvt. Ltd.c2026 a1st Floor, Berger Tower, Plot No. C-001A/2, Sector 16B, Noida - 201 301, Uttar Pradesh, India. avpp.c25cm(pb) aA Complete Guide for NEET (UG) Aspirants 2ddccENe1h530mNEE c215983d215983 001040708NFICaZLSbZLSd2026-04-27eDelivery of Books Act Divisiong450.00l4o530 NEEpEN-131385r2026-06-27 13:55:42s2026-06-20t1v450.00w2026-04-27yEN